[Event "ESP-chT Rapid"]
[Site "Toledo"]
[Date "2022.09.24"]
[Round "1"]
[White "Heimbaecher, Peter"]
[Black "Tabatabaei, Mohammad Amin"]
[Result "0-1"]
[WhiteElo "1761"]
[BlackElo "2651"]
[PlyCount "70"]
[EventDate "2022.09.24"]
[EventType "team-swiss (rapid)"]
[EventRounds "9"]
[EventCountry "ESP"]
[SourceTitle "CBM 210 Extra"]
[Source "ChessBase"]
[SourceDate "2022.11.30"]
[SourceVersion "1"]
[SourceVersionDate "2022.11.30"]
[SourceQuality "1"]
[WhiteTeam "Rey Ahogado"]
[BlackTeam "Costa Calida"]
[WhiteTeamCountry "ESP"]
[BlackTeamCountry "ESP"]

1. e4 c6 2. d4 d5 3. e5 Bf5 4. g4 Be4 5. f3 Bg6 6. Bd3 e6 7. h4 Bxd3 8. Qxd3 h5 9. g5 Ne7 10. Nd2 Nf5 11. f4 c5 12. Qb5+ Qd7 13. Qxd7+ Kxd7 14. dxc5 Bxc5 15. Ngf3 Nc6 16. a3 Rhc8 17. c3 Nce7 18. Nb3 Bb6 19. Nbd4 Bxd4 20. Nxd4 Nxd4 21. cxd4 Nf5 22. Bd2 Nxd4 23. Bc3 Nc2+ 24. Kd2 Nxa1 25. Rxa1 Rc4 26. Ke3 Re4+ 27. Kf3 Rc8 28. Rd1 Rcc4 29. f5 Rf4+ 30. Kg3 Rg4+ 31. Kf3 Rcf4+ 32. Ke3 Rxf5 33. Bd4 a6 34. Rc1 Re4+ 35. Kd3 Rf3+ 0-1

[Event "Tenerife-ch Seniors"]
[Site "Santa Cruz de Tenerife"]
[Date "2022.03.23"]
[Round "4.4"]
[White "Heimbaecher, Peter"]
[Black "Rizoev, Rifat"]
[Result "0-1"]
[WhiteElo "1778"]
[BlackElo "1696"]
[PlyCount "66"]
[EventDate "2022.03.16"]
[EventType "swiss"]
[EventRounds "7"]
[EventCountry "ESP"]
[SourceTitle "EXT 2024"]
[Source "ChessBase"]
[SourceDate "2023.10.10"]
[SourceVersion "1"]
[SourceVersionDate "2023.10.10"]
[SourceQuality "1"]

1. e4 d6 2. d4 Nf6 3. Bd3 e5 4. d5 Be7 5. h3 0-0 6. f4 exf4 7. Bxf4 Nbd7 8. Nc3 Nc5 9. Nf3 Nh5 10. Bh2 Bh4+ 11. Nxh4 Qxh4+ 12. Ke2 Ng3+ 13. Bxg3 Qxg3 14. Qf1 f5 15. Qf3 Qe5 16. Rhf1 Bd7 17. Qe3 fxe4 18. Bxe4 Nxe4 19. Rxf8+ Rxf8 20. Qxe4 Qh5+ 21. Kd2 Qg5+ 22. Qe3 Qxg2+ 23. Kc1 Rf1+ 24. Nd1 Qxd5 25. Qe2 Bb5 26. Qd2 Qxd2+ 27. Kxd2 Bd7 28. h4 Bg4 29. Rc1 Rxd1+ 30. Rxd1 Bxd1 31. Kxd1 Kf7 32. Ke2 Kg6 33. Kf3 Kf5 0-1

[Event "Tenerife-ch Seniors"]
[Site "Tenerife"]
[Date "2020.01.24"]
[Round "5"]
[White "Darias Darias, Luis"]
[Black "Heimbaecher, Peter"]
[Result "0-1"]
[WhiteElo "1655"]
[BlackElo "1761"]
[PlyCount "72"]
[EventDate "2020.01.15"]
[EventType "swiss"]
[EventRounds "7"]
[EventCountry "ESP"]
[SourceTitle "CBM 195 Extra"]
[Source "ChessBase"]
[SourceDate "2020.05.31"]
[SourceVersion "1"]
[SourceVersionDate "2020.05.31"]
[SourceQuality "1"]

1. d4 Nf6 2. c4 e5 3. d5 Bc5 4. Nc3 a5 5. e4 d6 6. Be2 Nbd7 7. Be3 Bxe3 8. fxe3 Nc5 9. Bf3 Bd7 10. Nge2 Bg4 11. Ng3 Qd7 12. 0-0 Bxf3 13. gxf3 h5 14. Rf2 h4 15. Nge2 g5 16. Nd4 exd4 17. exd4 Na6 18. e5 Nh5 19. e6 fxe6 20. dxe6 Qg7 21. Qa4+ c6 22. Qxa5 Nf4 23. Rd2 g4 24. Ne4 gxf3+ 25. Kh1 Ke7 26. Rg1 Qh6 27. Nxd6 Kxd6 28. Qe5+ Ke7 29. Rg7+ Ke8 30. Rf7 Nxe6 31. Rf6 Qxd2 32. Rxe6+ Kd8 33. Qf6+ Kc7 34. Re7+ Kb6 35. c5+ Ka7 36. Rxb7+ Kxb7 0-1

[Event "Tenerife-ch Seniors"]
[Site "Tenerife"]
[Date "2020.01.22"]
[Round "4"]
[White "Heimbaecher, Peter"]
[Black "Remon Garcia, Jose Domingo"]
[Result "1-0"]
[WhiteElo "1761"]
[BlackElo "1895"]
[PlyCount "117"]
[EventDate "2020.01.15"]
[EventType "swiss"]
[EventRounds "7"]
[EventCountry "ESP"]
[SourceTitle "CBM 195 Extra"]
[Source "ChessBase"]
[SourceDate "2020.05.31"]
[SourceVersion "1"]
[SourceVersionDate "2020.05.31"]
[SourceQuality "1"]

1. e4 d5 2. exd5 Nf6 3. d4 Bg4 4. Nf3 Qxd5 5. Be2 e6 6. h3 Bh5 7. Bf4 c6 8. a3 Be7 9. c4 Qd8 10. Nc3 0-0 11. g4 Bg6 12. Ne5 Nbd7 13. g5 Ne8 14. Nxg6 fxg6 15. Qd2 Nd6 16. h4 a6 17. c5 Nf5 18. Bc4 Kh8 19. h5 gxh5 20. Rxh5 Qe8 21. Rh3 Qg6 22. 0-0-0 Rad8 23. Rdh1 Nxc5 24. Rxh7+ Kg8 25. Ne2 Nxd4 26. Nxd4 Rxf4 27. Rh8+ Kf7 28. Qxf4+ Bf6 29. Rxd8 Qxg5 30. Qxg5 Bxg5+ 31. f4 Bxd8 32. Rf1 Bf6 33. Nf3 Ke7 34. b4 Nd7 35. Re1 Nb6 36. Bxe6 Kd6 37. f5 Nd5 38. Kc2 Nc3 39. Nd2 Nb5 40. Ne4+ Kc7 41. Nxf6 gxf6 42. a4 Nd6 43. Rh1 a5 44. bxa5 c5 45. Rh7+ Kc6 46. Rh6 c4 47. Rxf6 Kc5 48. Rf8 Kb4 49. Bd7 c3 50. f6 Nc4 51. Rc8 Na3+ 52. Kc1 c2 53. Rxc2 Nxc2 54. Kxc2 Kxa5 55. f7 b5 56. f8Q bxa4 57. Qb8 Ka6 58. Bxa4 Ka5 59. Qb5# 1-0

[Event "Tenerife-chT Preferente 1617"]
[Site "Tenerife"]
[Date "2016.12.10"]
[Round "1.3"]
[White "Mendez Acosta, Alexander Jesus"]
[Black "Heimbaecher, Peter"]
[Result "1-0"]
[WhiteElo "1939"]
[BlackElo "1788"]
[PlyCount "129"]
[EventDate "2016.12.10"]
[EventType "team-tourn"]
[EventRounds "14"]
[EventCountry "ESP"]
[SourceTitle "CBM 176 Extra"]
[Source "ChessBase"]
[SourceDate "2017.03.02"]
[SourceVersion "1"]
[SourceVersionDate "2017.03.02"]
[SourceQuality "1"]
[WhiteTeam "Al Shah Mat Los Realejos II"]
[BlackTeam "Rey Ahogado"]
[WhiteTeamCountry "ESP"]
[BlackTeamCountry "ESP"]

1. c4 e6 2. Nc3 f5 3. d3 Nf6 4. g3 Nc6 5. Bg2 Bc5 6. Nf3 b6 7. 0-0 Bb7 8. a3 a5 9. e4 fxe4 10. dxe4 h6 11. e5 Ng4 12. h3 Nxf2 13. Rxf2 Bxf2+ 14. Kxf2 0-0 15. Kg1 Ne7 16. Qd3 d5 17. Nh4 Ba6 18. Nb5 Rb8 19. Ng6 Rf7 20. Be3 Bxb5 21. cxb5 Nxg6 22. Qxg6 Qe8 23. Qg4 Qxb5 24. Qxe6 Qe2 25. Bxh6 gxh6 26. Rf1 Qe3+ 27. Kh2 Rbf8 28. Qg6+ Rg7 29. Bxd5+ Rff7 30. Rxf7 Qd2+ 31. Rf2+ Qxd5 32. Qf6 Qb3 33. Qf8+ Kh7 34. Qf3 Qe6 35. Qe4+ Kg8 36. Qa8+ Kh7 37. Qe4+ Kg8 38. h4 Qb3 39. Qf4 h5 40. Qf3 Qe6 41. Qxh5 b5 42. Qf5 Qb3 43. Qf3 Qe6 44. Qf8+ Kh7 45. Qf5+ Rg6 46. Qxe6 Rxe6 47. Re2 Kg6 48. g4 c5 49. Kg3 b4 50. axb4 axb4 51. Kf4 c4 52. h5+ Kf7 53. Ke4 Rc6 54. Kd4 Ke6 55. Rf2 Rc8 56. Rc2 Rg8 57. Rg2 Rc8 58. h6 c3 59. bxc3 Rxc3 60. g5 Rh3 61. g6 Rh4+ 62. Kd3 Rh3+ 63. Kc2 Rc3+ 64. Kb2 Rc8 65. h7 1-0

[Event "Santa Cruz de Tenerife op"]
[Site "Santa Cruz de Tenerife"]
[Date "2016.08.11"]
[Round "4"]
[White "Heimbaecher, Peter"]
[Black "Jimenez Arteaga, Angel"]
[Result "0-1"]
[WhiteElo "1789"]
[BlackElo "1917"]
[PlyCount "84"]
[EventDate "2016.08.08"]
[EventType "swiss"]
[EventRounds "9"]
[EventCountry "ESP"]
[SourceTitle "CBM 174 Extra"]
[Source "ChessBase"]
[SourceDate "2016.10.10"]
[SourceVersion "1"]
[SourceVersionDate "2016.10.10"]
[SourceQuality "1"]

1. e4 e6 2. f4 d5 3. e5 c5 4. Nf3 Nc6 5. c4 d4 6. d3 Nh6 7. Be2 Nf5 8. Na3 Be7 9. Nc2 0-0 10. Bd2 f6 11. exf6 gxf6 12. g4 Ng7 13. h4 e5 14. f5 e4 15. dxe4 d3 16. g5 dxc2 17. Qxc2 Nd4 18. Nxd4 cxd4 19. 0-0-0 Qd6 20. gxf6 Bxf6 21. h5 Rd8 22. Bd3 b6 23. Rdg1 Kh8 24. h6 Ne8 25. Rg4 Bb7 26. Bf4 Be5 27. Bxe5+ Qxe5 28. Rhg1 Nf6 29. Rg7 Bxe4 30. Kb1 Qxf5 31. Bxe4 Qxe4 32. Rf7 d3 33. Qd2 Rf8 34. Re1 Qg6 35. Rc7 Rfe8 36. Rd1 Rad8 37. Rg7 Qf5 38. Rg5 Ne4 39. Rxf5 Nxd2+ 40. Kc1 Nxc4 41. Rf3 d2+ 42. Kb1 Re1 0-1

[Event "Santa Cruz de Tenerife op"]
[Site "Santa Cruz de Tenerife"]
[Date "2016.08.10"]
[Round "3"]
[White "Perez Garcia, Jimena"]
[Black "Heimbaecher, Peter"]
[Result "0-1"]
[WhiteElo "1381"]
[BlackElo "1789"]
[PlyCount "76"]
[EventDate "2016.08.08"]
[EventType "swiss"]
[EventRounds "9"]
[EventCountry "ESP"]
[SourceTitle "CBM 174 Extra"]
[Source "ChessBase"]
[SourceDate "2016.10.10"]
[SourceVersion "1"]
[SourceVersionDate "2016.10.10"]
[SourceQuality "1"]

1. d4 e5 2. dxe5 Nc6 3. Nf3 f6 4. exf6 Nxf6 5. Bf4 Bc5 6. e3 d6 7. Nbd2 Bf5 8. a3 Qe7 9. Be2 a6 10. h3 Nd5 11. Bg5 Nf6 12. b4 Bb6 13. c4 h6 14. Bh4 g5 15. Bg3 Ne4 16. Nxe4 Bxe4 17. Bd3 0-0-0 18. Bxe4 Qxe4 19. Qb3 Rhf8 20. 0-0-0 a5 21. Qc3 Qe7 22. Rhe1 Rde8 23. b5 Nb8 24. Qd3 Nd7 25. Nd4 Nc5 26. Qg6 Rf6 27. Qh5 a4 28. Qg4+ Kb8 29. Qe2 Ba5 30. Rf1 Qe4 31. Qb2 Nd3+ 32. Rxd3 Qxd3 33. Ne2 Qxc4+ 34. Kb1 Rxe3 35. fxe3 Rxf1+ 36. Nc1 Bc3 37. Qc2 Qxb5+ 38. Ka2 Rxc1 0-1

[Event "Santa Cruz de Tenerife op 25th"]
[Site "Santa Cruz de Tenerife"]
[Date "2014.12.29"]
[Round "9"]
[White "Febles Dominguez, Alfonso Jesus"]
[Black "Heimbaecher, Peter"]
[Result "0-1"]
[WhiteElo "1379"]
[BlackElo "1828"]
[PlyCount "60"]
[EventDate "2014.12.15"]
[EventType "swiss"]
[EventRounds "9"]
[EventCountry "ESP"]
[SourceTitle "CBM 164 Extra"]
[Source "ChessBase"]
[SourceDate "2015.03.02"]
[SourceVersion "1"]
[SourceVersionDate "2015.03.02"]
[SourceQuality "1"]

1. e4 e6 2. d4 b6 3. Nc3 Bb7 4. Bd3 Bb4 5. Bd2 f5 6. Qe2 fxe4 7. Nxe4 Bxd2+ 8. Qxd2 Nf6 9. f3 Nxe4 10. fxe4 Bxe4 11. Nf3 Bxf3 12. gxf3 Qh4+ 13. Qf2 Qf4 14. Rg1 g6 15. Rg4 Qf6 16. 0-0-0 Nc6 17. Be4 0-0-0 18. Qe2 Kb7 19. a4 d5 20. Bd3 Nb4 21. a5 Nxd3+ 22. Qxd3 Rhf8 23. a6+ Kb8 24. f4 Rd6 25. Qh3 h5 26. Rg5 Qxf4+ 27. Kb1 Qxg5 28. Rf1 Rxf1+ 29. Qxf1 Qf5 30. Qc1 b5 0-1

[Event "Santa Cruz de Tenerife op 25th"]
[Site "Santa Cruz de Tenerife"]
[Date "2014.12.22"]
[Round "6"]
[White "Heimbaecher, Peter"]
[Black "Perez Perez, Gabriel"]
[Result "1-0"]
[WhiteElo "1828"]
[BlackElo "1552"]
[PlyCount "69"]
[EventDate "2014.12.15"]
[EventType "swiss"]
[EventRounds "9"]
[EventCountry "ESP"]
[SourceTitle "CBM 164 Extra"]
[Source "ChessBase"]
[SourceDate "2015.03.02"]
[SourceVersion "1"]
[SourceVersionDate "2015.03.02"]
[SourceQuality "1"]

1. e4 c5 2. Nf3 e6 3. d4 cxd4 4. c3 dxc3 5. Nxc3 Nc6 6. Bf4 d6 7. Bc4 a6 8. 0-0 Nf6 9. Qe2 Be7 10. Rfd1 0-0 11. e5 Nh5 12. Be3 d5 13. g4 b5 14. Nxd5 exd5 15. Bxd5 Qe8 16. gxh5 Bb7 17. Rac1 Rc8 18. h6 g6 19. h4 Na5 20. Rxc8 Qxc8 21. Ng5 Bxd5 22. Rxd5 Nc4 23. Bd4 Qf5 24. Qf3 Qb1+ 25. Kg2 Nd2 26. Qe2 Qxa2 27. Rd7 Bxg5 28. hxg5 Qc4 29. Qxc4 Nxc4 30. e6 fxe6 31. Rg7+ Kh8 32. Re7+ e5 33. Bc3 a5 34. b3 b4 35. Ba1 1-0

[Event "Santa Cruz de Tenerife Verano op"]
[Site "Santa Cruz de Tenerife"]
[Date "2014.09.10"]
[Round "9"]
[White "Heimbaecher, Peter"]
[Black "De Castro de Leon, Jorge"]
[Result "1/2-1/2"]
[WhiteElo "1841"]
[BlackElo "1600"]
[PlyCount "62"]
[EventDate "2014.08.25"]
[EventType "swiss"]
[EventRounds "9"]
[EventCountry "ESP"]
[SourceTitle "CBM 162 Extra"]
[Source "ChessBase"]
[SourceDate "2014.10.17"]
[SourceVersion "1"]
[SourceVersionDate "2014.10.17"]
[SourceQuality "1"]

1. f4 d5 2. b3 c5 3. Nf3 Nc6 4. e3 e6 5. Bb5 Bd7 6. 0-0 Nf6 7. Bb2 Be7 8. Bxc6 Bxc6 9. Qe1 b5 10. Ne5 Bb7 11. d3 0-0 12. Nd2 Nd7 13. Ndf3 f6 14. Nxd7 Qxd7 15. Qh4 a5 16. Rad1 a4 17. g4 axb3 18. axb3 Ra2 19. Rb1 c4 20. g5 c3 21. Bxc3 Rxc2 22. gxf6 Bxf6 23. Bxf6 Rxf6 24. Ne5 Qc8 25. b4 Rh6 26. Qg3 d4 27. e4 Qc3 28. h4 Bxe4 29. Rf2 Rxf2 30. Qxf2 Bd5 31. f5 Rf6 1/2-1/2

[Event "Santa Cruz de Tenerife Verano op"]
[Site "Santa Cruz de Tenerife"]
[Date "2014.09.05"]
[Round "6"]
[White "Aguirre Lorenzo, Luis Francisco"]
[Black "Heimbaecher, Peter"]
[Result "1-0"]
[WhiteElo "2030"]
[BlackElo "1841"]
[PlyCount "69"]
[EventDate "2014.08.25"]
[EventType "swiss"]
[EventRounds "9"]
[EventCountry "ESP"]
[SourceTitle "CBM 162 Extra"]
[Source "ChessBase"]
[SourceDate "2014.10.17"]
[SourceVersion "1"]
[SourceVersionDate "2014.10.17"]
[SourceQuality "1"]

1. d4 Nf6 2. c4 e5 3. dxe5 Ne4 4. a3 a5 5. Nf3 Nc6 6. e3 b6 7. Qc2 Nc5 8. Nc3 a4 9. Bd2 Nb3 10. Rd1 Nc5 11. Be2 d6 12. Bc1 Bd7 13. exd6 Bxd6 14. Nb5 Be7 15. Bd2 Qc8 16. e4 Bg4 17. Be3 0-0 18. 0-0 Bxf3 19. Bxf3 Ne5 20. Be2 c6 21. Nd6 Qc7 22. Nf5 Bf6 23. f4 Ng6 24. e5 Be7 25. Bf3 f6 26. Nxe7+ Nxe7 27. Bxc5 bxc5 28. e6 Qxf4 29. Be4 Qe3+ 30. Kh1 Rad8 31. Bxh7+ Kh8 32. Rf3 Qxe6 33. Rh3 Qe5 34. Rf1 g5 35. Bg8+ 1-0

[Event "La Laguna op 4th"]
[Site "La Laguna"]
[Date "2010.04.09"]
[Round "6"]
[White "Heimbaecher, Peter"]
[Black "Lopez Pereyra, Antonio"]
[Result "1-0"]
[WhiteElo "1917"]
[BlackElo "2097"]
[PlyCount "75"]
[EventDate "2010.04.05"]
[EventType "swiss"]
[EventRounds "9"]
[EventCountry "ESP"]
[SourceTitle "CBM 135 Extra"]
[Source "ChessBase"]
[SourceDate "2010.05.04"]
[SourceVersion "1"]
[SourceVersionDate "2010.05.04"]
[SourceQuality "1"]

1. e4 e6 2. f4 d5 3. Nc3 d4 4. Nce2 Bc5 5. Nf3 Nc6 6. a3 a5 7. e5 f5 8. Ng3 Nge7 9. Bc4 Nd5 10. Nh5 0-0 11. Ng5 Nxe5 12. d3 Nxc4 13. dxc4 Nf6 14. Nxf6+ Qxf6 15. Bd2 e5 16. b4 exf4 17. bxc5 Re8+ 18. Kf2 Qxg5 19. g3 fxg3+ 20. hxg3 Qg4 21. Qf1 Ra6 22. Rh4 Qg6 23. Rxd4 Rae6 24. Re1 Rxe1 25. Bxe1 f4 26. gxf4 Qxc2+ 27. Rd2 Qe4 28. Kg3 Bf5 29. Bf2 g5 30. Rd4 gxf4+ 31. Kh2 Qc2 32. Qg2+ Bg6 33. Rxf4 c6 34. Qf3 Qb2 35. Kg3 Rd8 36. Rg4 Qe5+ 37. Kg2 Kh8 38. Bd4 1-0

[Event "Cotelec Laguna op"]
[Site "Cotelec"]
[Date "2009.09.29"]
[Round "9"]
[White "Heimbaecher, Peter"]
[Black "Villavicencio Martinez, Carlos Luis"]
[Result "0-1"]
[WhiteElo "1927"]
[BlackElo "2135"]
[PlyCount "84"]
[EventDate "2009.09.21"]
[EventType "swiss"]
[EventRounds "9"]
[EventCountry "ESP"]
[SourceTitle "CBM 132 Extra"]
[Source "ChessBase"]
[SourceDate "2009.11.03"]
[SourceVersion "1"]
[SourceVersionDate "2009.11.03"]
[SourceQuality "1"]

1. e4 c5 2. Nf3 e6 3. d4 cxd4 4. c3 dxc3 5. Nxc3 a6 6. Bf4 Nc6 7. Bc4 Nge7 8. 0-0 Ng6 9. Bg3 d6 10. Qe2 Be7 11. Rfd1 0-0 12. Rac1 Qc7 13. h4 Nge5 14. Bb3 Qb8 15. Nh2 Qa7 16. Nf3 Nxf3+ 17. Qxf3 Nd4 18. Qh5 b5 19. Ne2 g6 20. Qg4 h5 21. Qxg6+ fxg6 22. Nxd4 Bd7 23. f3 Bf6 24. Bf2 Bxd4 25. Rxd4 Qb8 26. Rcd1 Qe8 27. Rxd6 Rf7 28. Be3 Kh7 29. g4 hxg4 30. fxg4 a5 31. h5 gxh5 32. g5 Rc8 33. R1d2 Rc6 34. R6d4 a4 35. Bd1 e5 36. Rd6 Rxd6 37. Rxd6 Rg7 38. Rh6+ Kg8 39. Bxh5 Qa8 40. Bf3 Bf5 41. Rh4 Rh7 42. Rxh7 Bxh7 0-1

[Event "Cotelec Laguna op"]
[Site "Cotelec"]
[Date "2009.09.25"]
[Round "5"]
[White "Heimbaecher, Peter"]
[Black "Molina Rodriguez, Borja"]
[Result "1/2-1/2"]
[WhiteElo "1927"]
[BlackElo "1795"]
[PlyCount "129"]
[EventDate "2009.09.21"]
[EventType "swiss"]
[EventRounds "9"]
[EventCountry "ESP"]
[SourceTitle "CBM 132 Extra"]
[Source "ChessBase"]
[SourceDate "2009.11.03"]
[SourceVersion "1"]
[SourceVersionDate "2009.11.03"]
[SourceQuality "1"]

1. e4 c5 2. Nf3 Nc6 3. d4 cxd4 4. c3 Nf6 5. e5 Nd5 6. cxd4 d6 7. Bc4 e6 8. Qe2 dxe5 9. Bxd5 exd5 10. dxe5 Bg4 11. Bf4 Bb4+ 12. Nbd2 0-0 13. Qd3 Bxf3 14. gxf3 Re8 15. 0-0-0 Nxe5 16. Bxe5 Rxe5 17. Rhg1 Qf6 18. Qd4 Bxd2+ 19. Rxd2 Rf5 20. Qxf6 Rxf6 21. Rxd5 Rxf3 22. Rgd1 g6 23. R1d2 Kg7 24. Rd7 b5 25. Kd1 a5 26. a3 b4 27. axb4 axb4 28. Rb7 b3 29. Ke2 Rh3 30. Rd3 Rxh2 31. Rdxb3 h5 32. Rf3 Rf8 33. b4 Rh1 34. Rb3 h4 35. f3 Re8+ 36. Re3 Re1+ 37. Kxe1 Rxe3+ 38. Kf2 Rb3 39. b5 g5 40. b6 Rb2+ 41. Kg1 Kg6 42. Rb8 f6 43. b7 Kf5 44. Rd8 Rxb7 45. Kf2 Rb2+ 46. Ke3 Rb3+ 47. Kf2 Ke5 48. Rc8 f5 49. Rc5+ Kf6 50. Rc6+ Kg7 51. Rc5 Kg6 52. Rc6+ Kh5 53. Rf6 f4 54. Rf8 Rb2+ 55. Kg1 Kg6 56. Re8 Kf7 57. Re5 Kf6 58. Re4 Kf5 59. Re8 h3 60. Rf8+ Ke5 61. Rh8 h2+ 62. Kh1 Rf2 63. Re8+ Kf6 64. Re6+ Kg7 65. Rg6+ 1/2-1/2